[Event "ASIAN CITIES CHESS CHAMPIONSHIP 2015"]
[Site "Citrus Hotel , Waskaduwa, Sri Lanka"]
[Date "2015.07.25"]
[Round "5"]
[Board "3"]
[White "Tamra, Attallah"]
[Black "Lau, Lut Yin Luke"]
[Result "0-1"]
[WhiteElo "2053"]
[BlackElo "1809"]
[PlyCount "78"]
[EventDate "2015.07.22"]
[EventType "team"]
[EventRounds "9"]
[EventCountry "SRI"]
[WhiteTeam "Jeruselam, Palestine"]
[BlackTeam "Hong Kong, Hong Kong"]

1. a3 d5 2. Nf3 Nf6 3. e3 Bf5 4. c4 e6 5. Nc3 c6 6. Be2 Bd6 7. b4 Nbd7 8. O-O
h6 9. Bb2 O-O 10. d3 Rc8 11. cxd5 exd5 12. Re1 Ne5 13. Rc1 Re8 14. Na4 Nfg4 15.
Nxe5 Nxe5 16. Nc5 Qh4 17. g3 Qe7 18. e4 dxe4 19. dxe4 Rcd8 20. Qb3 Bc8 21. f4
Bxc5+ 22. bxc5 Nd7 23. Qc3 Nf6 24. Bf3 Be6 25. Qa5 Rd3 26. Bg2 a6 27. Be5 Qd7
28. Bd6 Bh3 29. e5 Nd5 30. Be4 Rd4 31. Rcd1 Rxd1 32. Rxd1 Nxf4 33. Qd2 Qg4 34.
Re1 Ne6 35. Bg2 Ng5 36. Qf4 Qe6 37. Re2 Bxg2 38. Kxg2 Qd5+ 39. Kf1 Qh1+ 0-1

[Event "ASIAN CITIES CHESS CHAMPIONSHIP 2015"]
[Site "Citrus Hotel , Waskaduwa, Sri Lanka"]
[Date "2015.07.25"]
[Round "5"]
[Board "4"]
[White "Borigas, Edrien Gappi"]
[Black "Dodean, Mahmood"]
[Result "0-1"]
[WhiteElo "1271"]
[BlackElo "1837"]
[PlyCount "91"]
[EventDate "2015.07.22"]
[EventType "team"]
[EventRounds "9"]
[EventCountry "SRI"]
[WhiteTeam "Hong Kong, Hong Kong"]
[BlackTeam "Jeruselam, Palestine"]

1. e4 c6 2. d4 d5 3. Nc3 dxe4 4. Nxe4 Bf5 5. Ng3 Bg6 6. c3 e6 7. Qb3 b6 8. Nf3
Bd6 9. Be2 h6 10. Qd1 Nf6 11. Bd3 Bxd3 12. Qxd3 Nbd7 13. Ne2 Qc7 14. h3 c5 15.
Be3 c4 16. Qc2 O-O 17. Nd2 Nd5 18. O-O-O a5 19. Qa4 Rfc8 20. Nxc4 Qxc4 21. Qxd7
Nxe3 22. fxe3 Qxe2 23. Qxd6 Qxe3+ 24. Kb1 Qe4+ 25. Ka1 b5 26. g4 Qb7 27. d5 Rd8
28. Qc6 Qxc6 29. dxc6 Rdc8 30. Rd6 Ra6 31. Rhd1 Raxc6 32. Rd7 b4 33. Rd8+ Rxd8
34. Rxd8+ Kh7 35. Rd3 bxc3 36. bxc3 Rb6 37. c4 Kg6 38. Rc3 Kf6 39. c5 Rc6 40.
Kb2 Ke5 41. Rf3 f5 42. gxf5 exf5 43. Re3+ Kd4 44. Ra3 Rxc5 45. Ra4+ Ke5 46. Ra3
{Poor Recording [f5]} 0-1

[Event "ASIAN CITIES CHESS CHAMPIONSHIP 2015"]
[Site "Citrus Hotel , Waskaduwa, Sri Lanka"]
[Date "2015.07.25"]
[Round "6"]
[Board "1"]
[White "Arjun, Satheesh"]
[Black "Himanshu, Sharma"]
[Result "0-1"]
[WhiteElo "1997"]
[BlackElo "2410"]
[PlyCount "66"]
[EventDate "2015.07.22"]
[EventType "team"]
[EventRounds "9"]
[EventCountry "SRI"]
[WhiteTeam "Calicut, India"]
[BlackTeam "Bangalore, India"]

1. d4 Nf6 2. c4 e6 3. Nf3 d5 4. Nc3 Nbd7 5. Bg5 Be7 6. e3 c6 7. Bd3 dxc4 8.
Bxc4 b5 9. Bd3 a6 10. O-O c5 11. Bxf6 Bxf6 12. Ne4 c4 13. Nd6+ Ke7 14. Be4 Ra7
15. Nxc8+ Qxc8 16. Qd2 Rd8 17. Qb4+ Ke8 18. Rfc1 Be7 19. Qc3 Nf6 20. Qc2 g6 21.
Ne5 Rc7 22. Bf3 Nd7 23. Nxd7 Rdxd7 24. Qe4 Bf6 25. g3 h5 26. Rc2 Kf8 27. Rac1
e5 28. dxe5 Re7 29. Qa8 Bxe5 30. Qxc8+ Rxc8 31. Bd5 f5 32. f3 Rg7 33. Kg2 {
Poor Recording} Rb8 0-1

[Event "ASIAN CITIES CHESS CHAMPIONSHIP 2015"]
[Site "Citrus Hotel , Waskaduwa, Sri Lanka"]
[Date "2015.07.25"]
[Round "6"]
[Board "2"]
[White "Stany, G.A."]
[Black "Sanjid, Latheef"]
[Result "1-0"]
[WhiteElo "2380"]
[BlackElo "1922"]
[PlyCount "50"]
[EventDate "2015.07.22"]
[EventType "team"]
[EventRounds "9"]
[EventCountry "SRI"]
[WhiteTeam "Bangalore, India"]
[BlackTeam "Calicut, India"]

1. e4 g6 2. d4 Bg7 3. Nc3 c6 4. Be3 d5 5. f3 dxe4 6. fxe4 Nf6 7. Nf3 Ng4 8. Bg5
h6 9. Bf4 g5 10. Bg3 Ne3 11. Qd2 Nxf1 12. Rxf1 Nd7 13. O-O-O Nf6 14. h4 Nh5 15.
Be5 f6 16. Bh2 g4 17. Ng1 O-O 18. Nge2 b5 19. Nb1 f5 20. Qe3 Qb6 21. exf5 Bxf5
22. Be5 Rae8 23. Ng3 Nxg3 24. Qxg3 Bxe5 25. Qxe5 e6 1-0

[Event "ASIAN CITIES CHESS CHAMPIONSHIP 2015"]
[Site "Citrus Hotel , Waskaduwa, Sri Lanka"]
[Date "2015.07.25"]
[Round "6"]
[Board "3"]
[White "Mohammed, Dilshad"]
[Black "Sanjay, N."]
[Result "0-1"]
[WhiteElo "1961"]
[BlackElo "2342"]
[PlyCount "64"]
[EventDate "2015.07.22"]
[EventType "team"]
[EventRounds "9"]
[EventCountry "SRI"]
[WhiteTeam "Calicut, India"]
[BlackTeam "Bangalore, India"]

1. d4 Nf6 2. Bg5 d5 3. c3 Nbd7 4. Nd2 g6 5. Qc2 Bg7 6. e4 dxe4 7. Nxe4 O-O 8.
Nf3 c5 9. Bxf6 exf6 10. Be2 cxd4 11. cxd4 Nb6 12. Nc3 Be6 13. O-O Bh6 14. Qe4
Nd5 15. Qh4 Kg7 16. Nxd5 Bxd5 17. Rfd1 Re8 18. Bd3 Qb6 19. b3 Bxf3 20. gxf3
Rad8 21. Qg3 Rxd4 22. Be4 Bd2 23. Rab1 Re5 24. h4 Re7 25. Kg2 h5 26. Rg1 Qe6
27. Rbd1 Red7 28. Rdf1 f5 29. Bb1 Qf6 30. Rh1 Bf4 31. Qh3 Rd2 32. Rfg1 R7d4 0-1

[Event "ASIAN CITIES CHESS CHAMPIONSHIP 2015"]
[Site "Citrus Hotel , Waskaduwa, Sri Lanka"]
[Date "2015.07.25"]
[Round "6"]
[Board "4"]
[White "Raghunandan, Kaumandur Srihari"]
[Black "Arjun, K"]
[Result "1/2-1/2"]
[WhiteElo "2236"]
[BlackElo "2035"]
[PlyCount "83"]
[EventDate "2015.07.22"]
[EventType "team"]
[EventRounds "9"]
[EventCountry "SRI"]
[WhiteTeam "Bangalore, India"]
[BlackTeam "Calicut, India"]

1. d4 d5 2. c4 c6 3. Nf3 Nf6 4. Nc3 e6 5. e3 Nbd7 6. Bd3 dxc4 7. Bxc4 b5 8. Be2
a6 9. Qc2 Bb7 10. a4 b4 11. Ne4 c5 12. Nxf6+ Nxf6 13. O-O Rc8 14. Qd1 c4 15.
Ne5 c3 16. bxc3 Rxc3 17. a5 b3 18. Bd2 Ne4 19. Bxc3 Nxc3 20. Qd3 Bb4 21. Qc4
Qd5 22. Bf3 Qxc4 23. Nxc4 Bxf3 24. gxf3 Ke7 25. Kg2 Rc8 26. Nb2 Nd5 27. Nd3 Rc3
28. Nxb4 Nxb4 29. Rac1 Nc2 30. Rfd1 Kd6 31. e4 Kc6 32. h4 f6 33. Kg3 e5 34. d5+
Kd6 35. Kg4 g6 36. Kg3 Nd4 37. Kg2 Ne2 38. Rb1 Nf4+ 39. Kh1 Nd3 40. Kg2 Nf4+
41. Kh1 Nd3 42. Kg2 1/2-1/2

[Event "ASIAN CITIES CHESS CHAMPIONSHIP 2015"]
[Site "Citrus Hotel , Waskaduwa, Sri Lanka"]
[Date "2015.07.25"]
[Round "6"]
[Board "1"]
[White "Abdyjapar, Asyl"]
[Black "Weerawardane, Romesh"]
[Result "1-0"]
[WhiteElo "2390"]
[BlackElo "2110"]
[PlyCount "71"]
[EventDate "2015.07.22"]
[EventType "team"]
[EventRounds "9"]
[EventCountry "SRI"]
[WhiteTeam "Bishkek City, Kyrgyzstan"]
[BlackTeam "Colombo, Sri Lanka"]

1. d4 Nf6 2. c4 e6 3. g3 d5 4. Nf3 dxc4 5. Bg2 Nc6 6. Qa4 Bb4+ 7. Bd2 Nd5 8.
Bxb4 Ndxb4 9. O-O a6 10. Nc3 Bd7 11. Ne4 b5 12. Qd1 O-O 13. Nc5 Be8 14. a3 Nd5
15. Qc2 Qe7 16. e3 Nb6 17. b3 Ra7 18. a4 cxb3 19. Qxb3 bxa4 20. Nxa4 Qb4 21.
Qxb4 Nxb4 22. Nxb6 cxb6 23. Rfb1 Nd5 24. e4 Nc3 25. Rxb6 Bb5 26. d5 exd5 27.
exd5 Na4 28. Rd6 Nc3 29. Nd4 Ne2+ 30. Nxe2 Bxe2 31. Bf1 Bxf1 32. Kxf1 a5 33.
Ra4 Rb8 34. Rc6 Re8 35. Rc5 Rea8 36. Ke2 1-0

[Event "ASIAN CITIES CHESS CHAMPIONSHIP 2015"]
[Site "Citrus Hotel , Waskaduwa, Sri Lanka"]
[Date "2015.07.25"]
[Round "6"]
[Board "2"]
[White "Edirisinghe, Dulan"]
[Black "Tologontegin, Semetey"]
[Result "0-1"]
[WhiteElo "2051"]
[BlackElo "2402"]
[PlyCount "67"]
[EventDate "2015.07.22"]
[EventType "team"]
[EventRounds "9"]
[EventCountry "SRI"]
[WhiteTeam "Colombo, Sri Lanka"]
[BlackTeam "Bishkek City, Kyrgyzstan"]

1. e4 g6 2. d4 Bg7 3. c4 d6 4. Nc3 Nc6 5. Be3 e5 6. d5 Nd4 7. Nge2 Nxe2 8. Bxe2
f5 9. f3 Bh6 10. Qd2 Bxe3 11. Qxe3 f4 12. Qf2 Ne7 13. c5 O-O 14. cxd6 cxd6 15.
O-O-O Bd7 16. Kb1 a6 17. Rc1 b5 18. Bd3 Nc8 19. Ne2 Nb6 20. g3 fxg3 21. Qxg3
Qf6 22. Rhf1 Na4 23. Bc2 b4 24. Bxa4 Bxa4 25. Ng1 Bb5 26. Rfd1 Qd8 27. Qh3 Bd7
28. Qg3 Ra7 29. Nh3 Qf6 30. Ng1 Qg7 31. Rc2 Bb5 32. Ka1 Raf7 33. Qe1 a5 34. Qe3
 0-1

[Event "ASIAN CITIES CHESS CHAMPIONSHIP 2015"]
[Site "Citrus Hotel , Waskaduwa, Sri Lanka"]
[Date "2015.07.25"]
[Round "6"]
[Board "3"]
[White "Taalaibekov, Tagir"]
[Black "Galappaththi, Chinthaka Anurud"]
[Result "1-0"]
[WhiteElo "2193"]
[BlackElo "2098"]
[PlyCount "76"]
[EventDate "2015.07.22"]
[EventType "team"]
[EventRounds "9"]
[EventCountry "SRI"]
[WhiteTeam "Bishkek City, Kyrgyzstan"]
[BlackTeam "Colombo, Sri Lanka"]

1. d4 g6 2. e4 Bg7 3. g3 d6 4. Bg2 Nf6 5. Ne2 O-O 6. O-O c5 7. c3 cxd4 8. cxd4
e5 9. h3 Nc6 10. Be3 Nh5 11. Nbc3 f5 12. dxe5 dxe5 13. Qb3+ Kh8 14. Rad1 Qe7
15. Nd5 Qf7 16. Bc5 Re8 17. f4 exf4 18. Nexf4 Nxf4 19. Rxf4 Be6 20. exf5 gxf5
21. g4 Be5 22. Rf2 f4 23. Rfd2 Rac8 24. Qf3 b6 25. Bf2 Rf8 26. Re1 Qg7 27. Nb4
Nxb4 28. Rxe5 Qg6 29. Qe4 Bc4 30. b3 f3 31. Bh1 Nd3 32. bxc4 Nxe5 33. Qxe5+ Kg8
34. Qd5+ Kg7 35. Bxf3 Rce8 36. Bd4+ Kh6 37. h4 Qb1+ 38. Kg2 Rxf3 1-0

[Event "ASIAN CITIES CHESS CHAMPIONSHIP 2015"]
[Site "Citrus Hotel , Waskaduwa, Sri Lanka"]
[Date "2015.07.25"]
[Round "6"]
[Board "1"]
[White "Yang, Ching Wei"]
[Black "Fang, Yuxiang"]
[Result "0-1"]
[WhiteElo "2021"]
[BlackElo "2440"]
[PlyCount "74"]
[EventDate "2015.07.22"]
[EventType "team"]
[EventRounds "9"]
[EventCountry "SRI"]
[WhiteTeam "Taipei, Chinese Taipei"]
[BlackTeam "Qingdao, China"]

1. d4 d5 2. c4 c6 3. cxd5 cxd5 4. Nc3 Nf6 5. Bf4 Nc6 6. e3 Qb6 7. a3 Bf5 8. Na4
Qd8 9. Nc3 e6 10. Bd3 Bg6 11. Nf3 Be7 12. h3 O-O 13. O-O Rc8 14. Rc1 Na5 15.
Ne5 Bxd3 16. Qxd3 Nc4 17. Nxc4 Rxc4 18. e4 Qb6 19. Be5 Qxb2 20. exd5 Rfc8 21.
Na4 Qxc1 22. Rxc1 Rxc1+ 23. Kh2 Nxd5 24. Qb5 b6 25. Qa6 Ra8 26. Qb7 Rcc8 27.
Nc3 Bxa3 28. Nxd5 exd5 29. Qxd5 Bf8 30. Qb7 a5 31. Qxb6 f6 32. Bd6 a4 33. Bxf8
Rxf8 34. Qe6+ Kh8 35. Qa2 a3 36. d5 Rfb8 37. d6 Rd8 0-1

[Event "ASIAN CITIES CHESS CHAMPIONSHIP 2015"]
[Site "Citrus Hotel , Waskaduwa, Sri Lanka"]
[Date "2015.07.25"]
[Round "6"]
[Board "2"]
[White "Xu, Zhihang"]
[Black "Min, Po-Yen"]
[Result "1-0"]
[WhiteElo "2234"]
[BlackElo "1686"]
[PlyCount "131"]
[EventDate "2015.07.22"]
[EventType "team"]
[EventRounds "9"]
[EventCountry "SRI"]
[WhiteTeam "Qingdao, China"]
[BlackTeam "Taipei, Chinese Taipei"]

1. d4 d5 2. c4 e6 3. Nc3 Nf6 4. cxd5 exd5 5. Bg5 Be7 6. e3 c6 7. Bd3 Nbd7 8.
Nge2 Nh5 9. Bxe7 Qxe7 10. Qc2 Nhf6 11. Rb1 Nb6 12. b4 O-O 13. O-O Re8 14. a4
Bd7 15. Ng3 Nc4 16. Bxc4 dxc4 17. e4 b6 18. Qe2 Be6 19. f4 g6 20. f5 gxf5 21.
e5 Nd5 22. Nxd5 cxd5 23. Nh5 Rec8 24. Qe3 Kf8 25. Nf6 Qc7 26. Nxh7+ Ke8 27.
Nf6+ Kd8 28. Qc3 Qe7 29. Rf3 a6 30. h4 Qf8 31. Qd2 Kc7 32. h5 b5 33. a5 Qg7 34.
h6 Qg6 35. h7 Rh8 36. Rbf1 Rxh7 37. Nxh7 Qxh7 38. Qg5 Kd7 39. Qf6 Rg8 40. Rxf5
Rg6 41. Qxf7+ Bxf7 42. Rxf7+ Qxf7 43. Rxf7+ Kd8 44. Kf2 c3 45. Ke3 Rc6 46. Rf1
c2 47. Rc1 Rc3+ 48. Kd2 Rg3 49. Kxc2 Rxg2+ 50. Kb3 Rd2 51. Kc3 Rg2 52. Rd1 Kd7
53. Rd3 Rh2 54. Rf3 Kc7 55. Rf7+ Kc8 56. Ra7 Rh6 57. Kd3 Rh3+ 58. Ke2 Rh2+ 59.
Ke3 Rh3+ 60. Kf4 Rd3 61. e6 Rxd4+ 62. Ke5 Re4+ 63. Kxd5 Re1 64. e7 Rd1+ 65. Kc6
Rc1+ 66. Kb6 1-0

[Event "ASIAN CITIES CHESS CHAMPIONSHIP 2015"]
[Site "Citrus Hotel , Waskaduwa, Sri Lanka"]
[Date "2015.07.25"]
[Round "6"]
[Board "3"]
[White "Yang, Sung-Jui"]
[Black "Zhou, Jiangnan"]
[Result "0-1"]
[WhiteElo "1626"]
[BlackElo "2099"]
[PlyCount "56"]
[EventDate "2015.07.22"]
[EventType "team"]
[EventRounds "9"]
[EventCountry "SRI"]
[WhiteTeam "Taipei, Chinese Taipei"]
[BlackTeam "Qingdao, China"]

1. d4 Nf6 2. Bg5 Ne4 3. Bf4 d5 4. e3 c5 5. Bd3 Qb6 6. Bxe4 dxe4 7. Nc3 Qc6 8.
d5 Qg6 9. Bg3 h5 10. h4 Bd7 11. Nge2 Na6 12. Nf4 Qf5 13. Nh3 Rd8 14. Qe2 g6 15.
Ng5 Bg7 16. Ngxe4 Nb4 17. O-O Nxd5 18. Nxd5 Qxd5 19. Nc3 Qe6 20. Nb5 O-O 21.
Nc7 Qc6 22. c4 e6 23. Nb5 a6 24. Nd6 e5 25. Rfd1 Be6 26. Qd3 Rd7 27. f4 e4 28.
Qd2 f5 0-1

[Event "ASIAN CITIES CHESS CHAMPIONSHIP 2015"]
[Site "Citrus Hotel , Waskaduwa, Sri Lanka"]
[Date "2015.07.25"]
[Round "6"]
[Board "4"]
[White "Li, Wenxiang"]
[Black "Lin, Chung-Yu Lee"]
[Result "1-0"]
[WhiteElo "1882"]
[BlackElo "1728"]
[PlyCount "81"]
[EventDate "2015.07.22"]
[EventType "team"]
[EventRounds "9"]
[EventCountry "SRI"]
[WhiteTeam "Qingdao, China"]
[BlackTeam "Taipei, Chinese Taipei"]

1. d4 Nf6 2. c4 g6 3. g3 Bg7 4. Bg2 O-O 5. Nc3 d6 6. Nf3 Nc6 7. O-O e5 8. dxe5
dxe5 9. Qxd8 Rxd8 10. Bg5 Be6 11. Nd2 h6 12. Bxf6 Bxf6 13. Rfd1 Be7 14. a3 f5
15. Nd5 Bd6 16. c5 e4 17. Nxe4 Be5 18. Nec3 Nd4 19. f4 Nb3 20. fxe5 Nxa1 21.
Rxa1 Kf7 22. Nxc7 Rac8 23. N3b5 Ke7 24. Bxb7 Rb8 25. c6 Bc8 26. Na6 Rxb7 27.
cxb7 Bxb7 28. Nc5 Ba8 29. Nd3 Rd7 30. Rc1 a6 31. Nd6 a5 32. Rc8 Rd8 33. Rxd8
Kxd8 34. b4 axb4 35. axb4 Kc7 36. b5 Bd5 37. Nb4 Be6 38. Kf2 Kb6 39. Ke3 Kc5
40. Nd3+ Kd5 41. b6 1-0

[Event "ASIAN CITIES CHESS CHAMPIONSHIP 2015"]
[Site "Citrus Hotel , Waskaduwa, Sri Lanka"]
[Date "2015.07.25"]
[Round "6"]
[Board "1"]
[White "Ahmed, Fareed"]
[Black "Maqseed, Nasser"]
[Result "1-0"]
[WhiteElo "2052"]
[BlackElo "1932"]
[PlyCount "78"]
[EventDate "2015.07.22"]
[EventType "team"]
[EventRounds "9"]
[EventCountry "SRI"]
[WhiteTeam "Dubai, UAE"]
[BlackTeam "Kuwait City, Kuwait"]

1. e4 c5 2. Nf3 Nc6 3. d4 cxd4 4. Nxd4 g6 5. Nc3 Bg7 6. Be3 Nf6 7. Bc4 O-O 8.
Bb3 a5 9. f3 d5 10. Nxd5 Nxd5 11. exd5 Nb4 12. c4 a4 13. Bc2 Nxc2+ 14. Qxc2 e5
15. Nb5 Bf5 16. Qd2 Qh4+ 17. g3 Qxc4 18. Nd6 Qa6 19. Nxf5 gxf5 20. Rc1 Rac8 21.
Kf2 e4 22. Rhd1 Rfd8 23. d6 Rxc1 24. Rxc1 Qd3 25. Qxd3 exd3 26. d7 f4 27. Bxf4
Bd4+ 28. Be3 Rxd7 29. Bxd4 Rxd4 30. Rd1 Rb4 31. Rd2 Rb6 32. Ke3 Kg7 33. Kxd3
Kf6 34. Kc4 Ke6 35. Kc5 Rc6+ 36. Kb5 Ra6 37. a3 f6 38. h4 f5 39. Rd4 Rc6 1-0

[Event "ASIAN CITIES CHESS CHAMPIONSHIP 2015"]
[Site "Citrus Hotel , Waskaduwa, Sri Lanka"]
[Date "2015.07.25"]
[Round "6"]
[Board "2"]
[White "Alhajiri, Bader"]
[Black "Abdulla, Ali"]
[Result "1-0"]
[WhiteElo "2231"]
[BlackElo "1781"]
[PlyCount "67"]
[EventDate "2015.07.22"]
[EventType "team"]
[EventRounds "9"]
[EventCountry "SRI"]
[WhiteTeam "Kuwait City, Kuwait"]
[BlackTeam "Dubai, UAE"]

1. e4 e6 2. d4 d5 3. Nc3 dxe4 4. Nxe4 Nd7 5. Nf3 Ngf6 6. Nxf6+ Nxf6 7. Bg5 h6
8. Bh4 c5 9. c3 Qb6 10. Qb3 Bd7 11. Qxb6 axb6 12. Ne5 cxd4 13. O-O-O Bd6 14.
Nxd7 Kxd7 15. Rxd4 Kc7 16. a4 Rhd8 17. Bb5 Rac8 18. Rhd1 g5 19. Rc4+ Kb8 20.
Rxd6 Rxd6 21. Bg3 Rxc4 22. Bxd6+ Rc7 23. Be5 Ng4 24. Bxc7+ Kxc7 25. f3 Nxh2 26.
Kd2 Kd6 27. Ke3 h5 28. Kf2 h4 29. Kg1 Nxf3+ 30. gxf3 Ke5 31. b4 Kf4 32. a5 Kxf3
33. Bc6+ Ke3 34. Bxb7 1-0

[Event "ASIAN CITIES CHESS CHAMPIONSHIP 2015"]
[Site "Citrus Hotel , Waskaduwa, Sri Lanka"]
[Date "2015.07.25"]
[Round "6"]
[Board "3"]
[White "Ali, Abdulaziz"]
[Black "Alkhaldi, Bader"]
[Result "1-0"]
[WhiteElo "1767"]
[BlackElo "1970"]
[PlyCount "111"]
[EventDate "2015.07.22"]
[EventType "team"]
[EventRounds "9"]
[EventCountry "SRI"]
[WhiteTeam "Dubai, UAE"]
[BlackTeam "Kuwait City, Kuwait"]

1. e4 c5 2. Nf3 d6 3. d4 cxd4 4. Nxd4 Nf6 5. Nc3 a6 6. Be2 e5 7. Nb3 Be6 8. O-O
Nbd7 9. a4 Rc8 10. Be3 Be7 11. f3 O-O 12. a5 Rxc3 13. bxc3 d5 14. exd5 Nxd5 15.
Bd2 Qc7 16. Qe1 f5 17. Kh1 Bf6 18. c4 Ne7 19. Bb4 Bxc4 20. Qc3 b5 21. axb6 Nxb6
22. Bxe7 Bxe7 23. Rxa6 Rc8 24. Bxc4+ Nxc4 25. Na5 Qc5 26. Qb3 Kf8 27. Nxc4 Qxc4
28. Qxc4 Rxc4 29. Rf2 Kf7 30. g3 h5 31. Re2 Bf6 32. Kg2 h4 33. gxh4 Rxh4 34.
Rc6 Ke7 35. Rd2 Bg5 36. Rc7+ Ke6 37. Rd1 Bf4 38. h3 Bh6 39. Rc8 Ra4 40. Re8+
Kf6 41. Rd6+ Kg5 42. Rxe5 Rc4 43. Re2 Kf4 44. h4 g6 45. Rxg6 Bf8 46. h5 Rc7 47.
h6 Rh7 48. c4 Bxh6 49. c5 Bf8 50. c6 Rc7 51. Rd2 Bc5 52. Rd7 Rc8 53. c7 Ra8 54.
Rd8 Ra2+ 55. Kh3 Ra1 56. Rg2 1-0

[Event "ASIAN CITIES CHESS CHAMPIONSHIP 2015"]
[Site "Citrus Hotel , Waskaduwa, Sri Lanka"]
[Date "2015.07.25"]
[Round "6"]
[Board "4"]
[White "Hussain, Hashem"]
[Black "Faisal, Ali"]
[Result "1-0"]
[WhiteElo "1758"]
[BlackElo "1774"]
[PlyCount "75"]
[EventDate "2015.07.22"]
[EventType "team"]
[EventRounds "9"]
[EventCountry "SRI"]
[WhiteTeam "Kuwait City, Kuwait"]
[BlackTeam "Dubai, UAE"]

1. e4 e5 2. Nf3 Nc6 3. Bb5 a6 4. Ba4 Nf6 5. d3 b5 6. Bb3 Be7 7. c3 d6 8. Nbd2
O-O 9. Nf1 Be6 10. Ng3 Qd7 11. O-O Rfd8 12. d4 exd4 13. cxd4 d5 14. e5 Ne4 15.
Be3 f6 16. exf6 Bxf6 17. Nh5 Bg4 18. Nxf6+ Nxf6 19. Rc1 Na5 20. Ne5 Bxd1 21.
Nxd7 Bxb3 22. Nxf6+ gxf6 23. axb3 Rd7 24. Rc3 b4 25. Rd3 Rb8 26. Ra1 Rb5 27.
Bd2 Re7 28. Kf1 Re4 29. f3 Rh4 30. h3 Rxd4 31. Rxd4 Nxb3 32. Rg4+ Kf7 33. Rd1
a5 34. Bh6 d4 35. Rg7+ Ke6 36. Re1+ Kd5 37. Rxc7 Nc5 38. Rd1 1-0

[Event "ASIAN CITIES CHESS CHAMPIONSHIP 2015"]
[Site "Citrus Hotel , Waskaduwa, Sri Lanka"]
[Date "2015.07.25"]
[Round "6"]
[Board "1"]
[White "Sabri, Mohd Saprin"]
[Black "Battulga, Namkhai"]
[Result "0-1"]
[WhiteElo "2089"]
[BlackElo "2387"]
[PlyCount "66"]
[EventDate "2015.07.22"]
[EventType "team"]
[EventRounds "9"]
[EventCountry "SRI"]
[WhiteTeam "Shah Alam, Malaysia"]
[BlackTeam "Erdenet, Mongolia"]

1. Nf3 d5 2. c4 c6 3. b3 Nf6 4. Bb2 Nbd7 5. d3 e6 6. Nbd2 Bd6 7. g3 O-O 8. Bg2
e5 9. cxd5 cxd5 10. e4 Nc5 11. Qe2 d4 12. Nc4 Bg4 13. O-O b5 14. Nxd6 Qxd6 15.
h3 Bxf3 16. Qxf3 a5 17. Qe2 b4 18. f4 Nfd7 19. Bc1 a4 20. bxa4 Nxa4 21. fxe5
Nxe5 22. Bf4 Nc3 23. Qb2 Ra4 24. Bxe5 Qxe5 25. Kh2 Rb8 26. Rf5 Qe6 27. Qf2 Qd7
28. Qf4 Rf8 29. Re1 Rxa2 30. e5 Qd5 31. Qf1 b3 32. Re2 Rxe2 33. Qxe2 Qe6 0-1

[Event "ASIAN CITIES CHESS CHAMPIONSHIP 2015"]
[Site "Citrus Hotel , Waskaduwa, Sri Lanka"]
[Date "2015.07.25"]
[Round "6"]
[Board "3"]
[White "Zulkifli, Muhd Syazwan"]
[Black "Ganbold, Choidog"]
[Result "0-1"]
[WhiteElo "2070"]
[BlackElo "2157"]
[PlyCount "102"]
[EventDate "2015.07.22"]
[EventType "team"]
[EventRounds "9"]
[EventCountry "SRI"]
[WhiteTeam "Shah Alam, Malaysia"]
[BlackTeam "Erdenet, Mongolia"]

1. d4 Nf6 2. Nf3 d6 3. g3 g6 4. Bg2 Bg7 5. O-O O-O 6. c4 Nbd7 7. Nc3 c5 8. e4
a6 9. a4 cxd4 10. Nxd4 Nc5 11. h3 Bd7 12. Kh2 Rc8 13. Be3 e5 14. Nde2 Be6 15.
b3 Nh5 16. Bxc5 Rxc5 17. Qd3 Qb6 18. Rab1 Rd8 19. Rfd1 Rc7 20. Rf1 Rc5 21. Qe3
Qc7 22. Rfd1 Nf6 23. Nc1 Qe7 24. Nd3 Rc7 25. Nb4 Bf8 26. Nbd5 Bxd5 27. Nxd5
Nxd5 28. Rxd5 Rdc8 29. Rbd1 Rc5 30. Bf1 a5 31. R5d2 Qc7 32. h4 Qe7 33. Bh3 R8c6
34. Rd3 Qf6 35. Bd7 Rc7 36. Bb5 Qe7 37. Kg2 Qe6 38. Rd5 Kg7 39. Qc3 b6 40. f4
Kg8 41. fxe5 dxe5 42. Rd8 Kg7 43. Re8 Qg4 44. Qf3 Qxf3+ 45. Kxf3 Rc8 46. Rdd8
Rxd8 47. Rxd8 Rc7 48. Re8 Be7 49. Rb8 Bc5 50. Rd8 Kf6 51. Rd5 Ke7 {
Poor Recording} 0-1

[Event "ASIAN CITIES CHESS CHAMPIONSHIP 2015"]
[Site "Citrus Hotel , Waskaduwa, Sri Lanka"]
[Date "2015.07.25"]
[Round "6"]
[Board "4"]
[White "Bayarsaihan, Yondon"]
[Black "Johari, Camilia"]
[Result "1-0"]
[WhiteElo "1969"]
[BlackElo "1839"]
[PlyCount "115"]
[EventDate "2015.07.22"]
[EventType "team"]
[EventRounds "9"]
[EventCountry "SRI"]
[WhiteTeam "Erdenet, Mongolia"]
[BlackTeam "Shah Alam, Malaysia"]

1. e4 c6 2. d4 d5 3. Nc3 dxe4 4. Nxe4 Nd7 5. Bd3 Ngf6 6. Ng5 e6 7. Ne2 Bd6 8.
O-O h6 9. Nf3 Qc7 10. c4 b6 11. h3 Bb7 12. Qa4 O-O 13. Be3 c5 14. Nd2 cxd4 15.
Nxd4 Nc5 16. Qc2 Nxd3 17. Qxd3 Rfd8 18. Qe2 a6 19. Rac1 Rd7 20. a3 Rad8 21.
N4f3 Bf4 22. Rc3 Bxe3 23. Rxe3 Qf4 24. Re1 Qf5 25. Nf1 Rd3 26. Ne5 Qg5 27. f3
Rxe3 28. Qxe3 Qxe3+ 29. Rxe3 Rd4 30. Rb3 Rd6 31. Ne3 b5 32. cxb5 Rb6 33. a4 Bd5
34. Nxd5 exd5 35. a5 Rxb5 36. Rxb5 axb5 37. a6 Ne8 38. Nd7 Nc7 39. a7 Na8 40.
Kf2 f6 41. Ke3 Kf7 42. Kd4 Ke7 43. Nc5 Kd6 44. f4 Kc6 45. f5 Nb6 46. Ne6 Kb7
47. Nxg7 Kxa7 48. Ne8 Nc4 49. Kxd5 Nxb2 50. Nxf6 Nc4 51. Ne4 Ne3+ 52. Ke6 Nxg2
53. f6 Nh4 54. f7 Ng6 55. Kf6 Nf8 56. Kg7 Ne6+ 57. Kxh6 Kb6 58. Ng5 1-0

[Event "ASIAN CITIES CHESS CHAMPIONSHIP 2015"]
[Site "Citrus Hotel , Waskaduwa, Sri Lanka"]
[Date "2015.07.25"]
[Round "6"]
[Board "1"]
[White "Masters, Christopher"]
[Black "Ahmed, Ashraf"]
[Result "0-1"]
[WhiteElo "1900"]
[BlackElo "1837"]
[PlyCount "110"]
[EventDate "2015.07.22"]
[EventType "team"]
[EventRounds "9"]
[EventCountry "SRI"]
[WhiteTeam "Hong Kong, Hong Kong"]
[BlackTeam "Male, Maldives"]

1. e4 e5 2. Nf3 Nc6 3. Bb5 Nf6 4. d3 Bc5 5. c3 d6 6. h3 h6 7. Nbd2 O-O 8. O-O
a6 9. Ba4 b5 10. Bc2 Be6 11. Nb3 Bb6 12. d4 Bxb3 13. axb3 exd4 14. cxd4 Re8 15.
Re1 Nb4 16. Bb1 c5 17. Bd2 Nc6 18. e5 dxe5 19. dxe5 Nd7 20. Qc2 Nf8 21. Ba2 Nd4
22. Nxd4 Qxd4 23. Bc3 Qf4 24. Bd2 Qh4 25. Re4 Qe7 26. Rae1 Ne6 27. Bb1 Nf8 28.
Rg4 Qe6 29. Kh1 Rad8 30. f4 Qd5 31. Be3 Re6 32. b4 c4 33. Kh2 Bxe3 34. Rxe3 Qd2
35. Reg3 Rg6 36. Qf5 Rxg4 37. Rxg4 Qd7 38. Qh5 Qd1 39. Be4 Ne6 40. Bf3 Qd3 41.
Qxh6 Qf5 42. Qh4 Rd4 43. Kg3 Rd2 44. Qe7 Rxb2 45. Qe8+ Nf8 46. Rh4 Rb3 47. Kh2
g6 48. Bd5 Kg7 49. Qe7 Re3 50. e6 Nxe6 51. Bxe6 Qxe6 52. Qd8 Qe8 53. Qd4+ f6
54. f5 Qe5+ 55. Qxe5 Rxe5 {Poor Recording} 0-1

[Event "ASIAN CITIES CHESS CHAMPIONSHIP 2015"]
[Site "Citrus Hotel , Waskaduwa, Sri Lanka"]
[Date "2015.07.25"]
[Round "6"]
[Board "2"]
[White "Ahmed, Fuad"]
[Black "Borigas, Edgardo"]
[Result "0-1"]
[WhiteElo "1797"]
[BlackElo "1914"]
[PlyCount "62"]
[EventDate "2015.07.22"]
[EventType "team"]
[EventRounds "9"]
[EventCountry "SRI"]
[WhiteTeam "Male, Maldives"]
[BlackTeam "Hong Kong, Hong Kong"]

1. d4 Nf6 2. c4 g6 3. Nc3 Bg7 4. e4 d6 5. Bd3 O-O 6. Nge2 Nbd7 7. O-O c5 8. f4
cxd4 9. Nd5 e5 10. f5 Nxd5 11. exd5 g5 12. Ng3 f6 13. Nh5 Nc5 14. b4 Nxd3 15.
Qxd3 Qe8 16. g4 Bd7 17. h4 h6 18. Bd2 a6 19. Rae1 Rc8 20. Rf2 b5 21. c5 Qd8 22.
c6 Be8 23. hxg5 Bxh5 24. gxh6 Bf7 25. hxg7 Kxg7 26. g5 Bxd5 27. g6 Rh8 28. Rh2
Rxh2 29. Kxh2 Qh8+ 30. Kg3 Qh5 31. Re4 Rh8 0-1